MARC details
| 000 -CABECERA |
| campo de control de longitud fija |
00841nam a2200217 a 4500 |
| 001 - NÚMERO DE CONTROL |
| campo de control |
000041746 |
| 005 - FECHA Y HORA DE LA ÚLTIMA TRANSACCIÓN |
| campo de control |
20201002035730.0 |
| 008 - DATOS DE LONGITUD FIJA--INFORMACIÓN GENERAL |
| campo de control de longitud fija |
131016s2003 sp ab 000 0 spa d |
| 020 ## - NÚMERO INTERNACIONAL ESTÁNDAR DEL LIBRO |
| Número Internacional Estándar del Libro |
840008201X |
| 040 ## - FUENTE DE LA CATALOGACIÓN |
| Centro catalogador/agencia de origen |
DO-SdBNP |
| Lengua de catalogación |
spa |
| Centro/agencia transcriptor |
BNPHU |
| 082 ## - NÚMERO DE LA CLASIFICACIÓN DECIMAL DEWEY |
| Número de clasificación |
xxx |
| Número de documento/Ítem |
xxx |
| 245 00 - MENCIÓN DE TÍTULO |
| Título |
Métodos para la planificación de espacios naturales protegidos. / |
| Mención de responsabilidad, etc. |
editores, Javier Martínez Vega, María Asunción Martín Lou. |
| 260 ## - PUBLICACIÓN, DISTRIBUCIÓN, ETC. |
| Lugar de publicación, distribución, etc. |
Madrid, : |
| Nombre del editor, distribuidor, etc. |
Consejo Superior de Investigaciones Científicas, |
| Fecha de publicación, distribución, etc. |
2003. |
| 490 1# - MENCIÓN DE SERIE |
| Mención de serie |
Estudios ambientales y socioeconómicos |
| Designación de volumen o secuencia |
2 |
| 500 ## - NOTA GENERAL |
| Nota general |
Incluye índice de tablas |
| 500 ## - NOTA GENERAL |
| Nota general |
Incluye índice de figuras |
| 504 ## - NOTA DE BIBLIOGRAFÍA, ETC. |
| Nota de bibliografía, etc. |
Bibliografías p: 199-218 |
| 700 1# - PUNTO DE ACCESO ADICIONAL--NOMBRE DE PERSONA |
| Nombre de persona |
Martínez Vega, Javier |
| Término indicativo de función/relación |
ed. |
| 9 (RLIN) |
14954 |
| 700 1# - PUNTO DE ACCESO ADICIONAL--NOMBRE DE PERSONA |
| Nombre de persona |
Asunción Martín Lou, María |
| Término indicativo de función/relación |
ed. |
| 9 (RLIN) |
68595 |
| 830 #0 - PUNTO DE ACCESO ADICIONAL DE SERIE-TÍTULO UNIFORME |
| Título uniforme |
Estudios ambientales y socioeconómicos |
| Designación de volumen o secuencia |
2 |
| 9 (RLIN) |
67697 |